Lo que el viento se llevó = Gone with the Wind /

Historia de amor que inicia poco antes de la Guerra Civil norteamericana y culmina después que ésta. Una consentida y egoísta mujer no puede admitir sus sentimientos por el hombre a quien realmente ama; mientras la sociedad sureña se derrumba, ella se ve forzada a madurar y a hacer frente a la nueva...

Description complète

Enregistré dans:
Détails bibliographiques
Auteur principal: Fleming, Victor (realización)
Autres auteurs: Howard, Sidney (guión) (guión), Haller, Ernest (fotógrafo) (fotógrafo), Plunkett, Walter (vestuario) (vestuario), Kern, Hal C. (montaje) (montaje), Newcom, James E. (montaje) (montaje), Steiner, Max (música) (música), Gable, Clark (actuación) (actuación), Leigh, Vivien (actuación) (actuación), Howard, Leslie (actuación) (actuación)
Format: Diapositive
Langue:anglais
Publié: Los Angeles, EUA : Selznick International : Metro-Goldwyn-Mayer, 1939
Sujets:
Tags: Ajouter un tag
Pas de tags, Soyez le premier à ajouter un tag!

MARC

LEADER 00000ngm^a2200000^a^4500
001 000300518
005 20250521000000.0
009 20260310112510.398
037 |a Acervo ITESO - Biblioteca 
041 |a ING 
082 |a 810.  |b FLE 
100 |a Fleming, Victor  |e (realización) 
240 1 1 |a [Lo que el viento se llevó] 
240 1 1 |a [Lo que el viento se llevó. Adaptaciones] 
245 1 0 |a Lo que el viento se llevó =  |b Gone with the Wind /  |c Realización de V. Fleming. 
264 1 |a Los Angeles, EUA :  |b Selznick International :  |b Metro-Goldwyn-Mayer,  |c 1939 
300 |a 1 DVD regiones 1 y 4 (233 min.) :  |b color 
336 |a imagen móvil bidimensional  |b tdi  |2 rdacontenido 
337 |a video  |b v  |2 rdamedio 
338 |a videodisco  |b vd  |2 rdasoporte 
500 |a Basado en: Lo que el viento se llevó, de Margaret Mitchell 
520 |a Historia de amor que inicia poco antes de la Guerra Civil norteamericana y culmina después que ésta. Una consentida y egoísta mujer no puede admitir sus sentimientos por el hombre a quien realmente ama; mientras la sociedad sureña se derrumba, ella se ve forzada a madurar y a hacer frente a la nueva sociedad que nace tras la guerra. También tiene que enfrentar sus sentimientos. 
530 |a Existe una edición en formato audiovisual en VHS con el mismo título 
546 |a En inglés, con subtítulos opcionales: español, inglés, portugués 
586 |a Premio Oscar, de la Academia Norteamericana de Cine (12°: 1939): Mejor Película (ganadora) 
586 |a Premio Oscar, de la Academia Norteamericana de Cine (12°: 1939): Mejor Dirección (ganador: Victor Fleming) 
586 |a Premio Oscar, de la Academia Norteamericana de Cine (12°: 1939): Película con más premios (8) 
586 |a Premio Oscar, de la Academia Norteamericana de Cine (12°: 1939): Película con más candidaturas finalistas (13) 
586 |a Registro Nacional de Cine de la Biblioteca del Congreso: Declaraciones de 1989 
586 |a Premio Pulitzer 1937, categoría Ficción: Adaptación de la obra 
649 |a XX 
650 |a Melodramas 
650 |a Dramas Cinematográficos 
650 |a Películas Históricas 
650 |a Cine Norteamericano -  |y 1930-1939 
650 |a Cine Norteamericano -  |y Siglo XX 
650 |a Novela Norteamericana -  |x Adaptaciones para Cine 
650 |a Literatura Norteamericana -  |y Siglo XX -  |x Adaptaciones para Cine 
650 |a Literatura y Cine 
650 |a Amor 
650 |a Relaciones de Pareja 
650 |a Relaciones Intergénero 
650 |a Georgia, EUA -  |x Historia -  |y Guerra Civil, 1861-1865 -  |x Tema Principal 
650 |a Georgia, EUA -  |x Historia -  |y Reconstrucción, 1865-1901 
650 |a Georgia, EUA -  |x Historia -  |y Siglo XIX 
650 |a EUA (Región Sur) -  |x Historia -  |y Guerra Civil, 1861-1865 
650 |a EUA (Región Sur) -  |x Historia -  |y Reconstrucción, 1865-1901 
650 |a EUA (Región Sur) -  |x Historia -  |y Siglo XIX 
700 |a Howard, Sidney  |e (guión) 
700 |a Haller, Ernest  |e (fotógrafo) 
700 |a Plunkett, Walter  |e (vestuario) 
700 |a Kern, Hal C.  |e (montaje) 
700 |a Newcom, James E.  |e (montaje) 
700 |a Steiner, Max  |e (música) 
700 |a Gable, Clark  |e (actuación) 
700 |a Leigh, Vivien  |e (actuación) 
700 |a Howard, Leslie  |e (actuación) 
910 |a Fondo General 
920 |a Audiovisuales - DVDs 
940 |a Películas 
905 |a 302 
901 |a 0500197995  |b IT2  |c DVS  |i C117998  |u 20250521 
902 |a https://opac.biblio.iteso.mx/vufind/Record/000300518